| 000 | 00666nam a2200217 a 4500 | ||
|---|---|---|---|
| 001 | BRCA_3519 | ||
| 005 | 20190320204322.0 | ||
| 008 | 260709s1943----mx-a---###---#000-0#spa-# | ||
| 041 | _aspa | ||
| 044 | _amx | ||
| 050 | 4 |
_aBX4705.G3 _b.Ch38 1943 |
|
| 100 | 1 |
_aChávez, Ezequiel Adeodato _d1868-1946. _99144 |
|
| 245 | 1 | 0 |
_aEl ambiente geográfico, histórico y social de Fray Pedro de Gante hasta el año de 1523 _cEzequiel A. Chávez. |
| 260 |
_aMéxico _bJus _c1943 |
||
| 300 |
_a197 p. _bil. _c22 cm. |
||
| 500 | _aEjemplar no. 248 firmado por el autor | ||
| 500 | _aB123 | ||
| 600 | 1 | 4 |
_aGante, Fray Pedro de _d1479-1572 _99145 |
| 902 | _aGFM | ||
| 942 |
_2lcc _cB |
||
| 999 |
_c3254 _d3254 |
||